[Event "Norway Chess 6th"]
[Site "Stavanger"]
[Date "2018.05.29"]
[Round "2"]
[White "Karjakin, Sergey"]
[Black "Carlsen, Magnus"]
[Result "1/2-1/2"]
[WhiteElo "2782"]
[BlackElo "2843"]
[PlyCount "82"]
[EventDate "2018.05.28"]
[EventType "tourn"]
[EventRounds "9"]
[EventCountry "NOR"]
[EventCategory "22"]
[SourceTitle "CBM 185"]
[Source "ChessBase"]
[SourceDate "2018.07.13"]
[SourceVersion "1"]
[SourceVersionDate "2018.07.13"]
[SourceQuality "1"]

1. e4 e5 2. Nf3 Nc6 3. Bb5 a6 4. Ba4 Nf6 5. O-O Bc5 6. c3 O-O 7. d4 Ba7 8. dxe5 Nxe4 9. Qd5 Nc5 10. Bc2 Ne7 11. Qd1 d5 12. exd6 Qxd6 13. Qxd6 cxd6 14. Rd1 Bg4 15. Rxd6 Bf5 16. Na3 Ne4 17. Bxe4 Bxe4 18. Rd1 Nf5 19. Nc4 $146 ({RR} 19. Bf4 Rfe8 20. Nc4 Bxf3 21. gxf3 Re2 22. Rd2 Bxf2+ 23. Kf1 Rxd2 24. Nxd2 Ba7 25. Ne4 Rd8 26. Ke2 f6 27. Rd1 Rxd1 28. Kxd1 Kf7 29. a4 Ke6 30. Ke2 h5 31. h3 Ne7 32. Bd2 Ke5 33. Ng3 g6 {Bacrot,E (2678)-Piorun,K (2608) Krasnaya Polyana 2021 ½-½ (46)}) ({RR} 19. Bf4 Rfe8 20. Nc4 Bxf3 21. gxf3 Re2 22. Rd2 Bxf2+ 23. Kf1 Rxd2 24. Nxd2 Ba7 25. Ne4 Rd8 26. Ke2 f6 27. Rd1 Rxd1 28. Kxd1 Kf7 29. a4 Ke6 30. Ke2 h5 31. h3 Ne7 32. Bd2 Ke5 33. Ng3 g6 {Bacrot,E (2678)-Piorun,K (2608) Krasnaya Polyana 2021 ½-½ (46)}) 19... Rfe8 20. Be3 Bxe3 21. Nxe3 Nxe3 22. fxe3 Bxf3 23. gxf3 Rxe3 24. Rd7 Rb8 25. Rad1 Kf8 26. Kf2 Re7 27. Rd8+ Re8 28. Rxb8 Rxb8 29. Rd7 Ke8 30. Rc7 b5 31. Rc6 Ra8 32. c4 Kd7 33. cxb5 axb5 34. Rb6 Rxa2 35. Rxb5 Ra4 36. Kg3 Rd4 37. Rb7+ Ke6 38. Rb6+ Kf5 39. Rb5+ Ke6 40. Rb6+ Kf5 41. Rb5+ Ke6 1/2-1/2

[Event "Norway Chess 6th"]
[Site "Stavanger"]
[Date "2018.05.30"]
[Round "3"]
[White "Carlsen, Magnus"]
[Black "Aronian, Levon"]
[Result "1-0"]
[WhiteElo "2843"]
[BlackElo "2764"]
[Annotator "Nielsen,Peter Heine"]
[PlyCount "61"]
[EventDate "2018.05.28"]
[EventType "tourn"]
[EventRounds "9"]
[EventCountry "NOR"]
[EventCategory "22"]
[SourceTitle "CBM 185"]
[Source "ChessBase"]
[SourceDate "2018.07.13"]
[SourceVersion "1"]
[SourceVersionDate "2018.07.13"]
[SourceQuality "1"]

1. e4 e5 2. Nf3 {In round one Magnus won a good game against Fabiano Caruana with 2.c4, but that move at top level is almost exclusively seen as an anti-Petroff move order.} Nc6 3. Bb5 Nf6 $5 4. O-O ({In round one Anand continued} 4. d3 Bc5 5. c3 d5 6. Bd2 O-O 7. O-O Re8 8. exd5 a6 $1 {when while not only springing an excellent novelty, Aronian also managed to amuse in the confession booth saying he forgot to play it at move 3, and now seemed at good moment to correct the mistake! Even so, his switch from Marshall to Berlin seemed more than just a fling.}) 4... Nxe4 5. Re1 {The most solid of lines, suiting well that Magnus actually was the sole leader at this point.} Nd6 6. Nxe5 Be7 7. Bf1 Nxe5 8. Rxe5 O-O 9. d4 Bf6 10. Re1 {By far the main move, but in the New York match vs. Karjakin, Magnus did put the rook on e2, an idea of Caruana's second Kasimdzhanov, and had some pressure before the game was eventually drawn.} Nf5 $5 {Also the latest trend.} ({People used to go} 10... Re8 {and while that still makes a solid apperance, the preference by the experts has been for this slightly more aggressive move.}) 11. d5 {Grabbing space, or from Black's perspective, slightly weakening White's pawn chain. Less ambitious but more solid is 11.c3 d5, with numerous games being drawn shortly thereafter.} Re8 {Here everybody routinely played the standard move, till Caruana in Baden tried 12.d3 against Aronian. Magnus' next move was intended to be a novelty:} 12. Rxe8+ $5 {But to my surprise this had already been played by Palac in 2005, against me! The unimpressive continuation being 12...xe8 13.d2 d6 draw agreed.} Qxe8 13. Qd3 $5 {Putting the bishop on d3 similar to Caruana looks like a normal move, while this somewhat goes against chess principles. First developing your queen, and only then figuring out how to proceed next is not excactly what is recommended in the beginners' books. But apart from the primitive threats of taking the knight on f5, more relevantly it supports the e4-square planning to transfer the knight there eventually as well and in general having much more scope. Aronian seemed surprised but after some thought played the obvious reply.} d6 14. Nd2 {Intending e4, followed by c3 d2 e1. The good thing about White's position is that it has a lot of room for improvement! For Black it's more difficult, and probably, especially in light of White not being fully developed, 14...c6!? switching the position to an isolani-style type after a white dxc6 or a black ...cxd5 would assure counterplay. But Black has an almost perfect pawn structure so voluntarily ruining it is not an easy over the board decision.} Bg5 $6 {A very logical move, assuring the exchange of the dark-squared bishops and at the same time eliminating the e4 threat.} 15. Nf3 {A case (the engines!) could be made for including g3+h4 to gain a bit of time, but Magnus Magnus either wanted to assure himself of the following favourable exchanges, or perhaps as the games later shows the relevance of, rather would not lose the flexibilty on how to put his pawns on the kingside.} Bxc1 16. Rxc1 Bd7 17. Re1 {At first sight it looks like a typical quick e1 Berlin draw is in progress. Rooks will be exchanged in the e-line and White has absolutely nothing constructive to do with his moderate space advantage. But details do matter! After 17...f8 White will immediately attack Black's queenside with moves like 18.b3 or 18.c4, when Black face a passive defence using his rook to defend the weakness on especially c7. Perhaps a small difference, but with a huge effect. Black has no way of getting the neccesary echanges and is doomed to passive defence. His position is so solid that the chances of sucess obviously is there, but White's edge, as indicated by the engines, is certainly larger than it looks at first sight.} Qd8 18. Qc4 $146 ({RR} 18. g4 Nh4 19. h3 Nxf3+ 20. Qxf3 Qg5 21. Bd3 g6 22. Re4 h5 23. Qf4 Qxf4 24. Rxf4 hxg4 25. hxg4 c5 26. dxc6 bxc6 27. c4 Be6 28. Rd4 Rd8 29. b3 c5 30. Rf4 Kg7 31. g5 d5 32. cxd5 Rxd5 {Bracker,A (2227)-Vaskevicius,A (1872) Riga 2019 0-1 (34)}) 18... g6 19. h3 Ng7 20. Re3 {A nice setup, the rook might be used to attack the vulnerable spots on the queenside, or more directely, the black kingside as in the game. It does however give Aronian a chance to change the structure play with an isolani.} a5 ({After} 20... c5 $1 21. dxc6 Bxc6 {Black obviously is slightly worse, but in a less suffocating way than the game.}) 21. a4 {Now ...c5 would leave the b5-square weak, thus 21...c6!} Ne8 22. Qd4 {An ideal square for White's queen. Normally ...f6 would chase it away, but with the pawn already on g6, White always has the small tactic xe8+! meaning Black will never achieve a f6+g7 setup.} Ng7 23. g4 $5 {Logical and strong. Magnus cntrols the f5-square, not allowing ...f5 attacking his queen. Weakening his own king is not a concern due to Black's passivity, but even so the engine does seem to think White would optimize his edge with the less compromising 23.d3.} c6 {At last, and with the logical justification that White's last move has changed the battle from a positional one to a tactical, Aronian stops caring about his pawn structure but tries creating counterplay.} (23... Qf8 {intending 24...e8 looks solid and logical, but} 24. Ng5 $1 {becomes alarming as if} Re8 ({Suffice it to say that the engines suggests} 24... Qd8 $1) {then} 25. Ne4 $1 {gets access to the f6-square with immediate disaster for Black.}) 24. c4 Ne8 {With all this suffering , why not at least have a pawn for it?} (24... c5 25. Qf4 Bxa4 {is possible, when White has excellent compensation in numerous ways, the engines preferring} 26. Ra3 $5 Bd7 27. Rb3 {eyeing the b6-square!}) 25. Qf4 Kg7 {Adding to his misery, Levon was also now desperately short of time, and Magnus now pulls off an almost basketball like trick, first looking to one side, but the attacking fiercly on the other:} 26. Rb3 {Just a decoy.} Rb8 27. Ng5 $1 Nf6 $2 (27... Qf6 {still defends, as while} 28. Qd2 {does attack the a5-pawn Black can defend with} h6 29. Ne4 Qd8 {without facing disaster. Now however swift tactics decide.}) 28. Rf3 $1 h6 {Not even a blunder, as Black has no meaningful defence anyway.} ({The d6-pawn is attacked, and} 28... Qe7 29. Re3 Qf8 {leaves White so many options that the engine does not even mention that 30.xf6+?! followed by xh7+ wins a pawn. Easiest is} 30. Qd4 $1 {with a crushing pin.}) 29. Ne4 $1 Nxe4 30. Qxf7+ Kh8 31. Qxg6 {And with the combined threats to the knight in e4 and the h6-pawn as well as f7 mating, Aronian resigned.} 1-0

[Event "Norway Chess 6th"]
[Site "Stavanger"]
[Date "2018.06.06"]
[Round "8"]
[White "Carlsen, Magnus"]
[Black "Mamedyarov, Shakhriyar"]
[Result "1/2-1/2"]
[WhiteElo "2843"]
[BlackElo "2808"]
[PlyCount "100"]
[EventDate "2018.05.28"]
[EventType "tourn"]
[EventRounds "9"]
[EventCountry "NOR"]
[EventCategory "22"]
[SourceTitle "CBM 185"]
[Source "ChessBase"]
[SourceDate "2018.07.13"]
[SourceVersion "1"]
[SourceVersionDate "2018.07.13"]
[SourceQuality "1"]

1. e4 e5 2. Nf3 Nc6 3. Bb5 a6 4. Ba4 Nf6 5. O-O Nxe4 6. d4 b5 7. Bb3 d5 8. dxe5 Be6 9. c3 Be7 10. Re1 O-O 11. Nbd2 Nxd2 12. Qxd2 Qd7 13. Qd3 Rad8 14. Bc2 g6 15. Bh6 Rfe8 16. Rad1 d4 $146 ({RR} 16... f6 17. exf6 Bxf6 18. h3 Bf7 19. Bf4 Rxe1+ 20. Rxe1 Re8 21. Rxe8+ Bxe8 22. Qe3 Bf7 23. Ng5 d4 24. Ne4 Bg7 25. Qg3 dxc3 26. bxc3 Bxa2 27. Bxc7 Qe7 28. Bd6 Qe6 29. Nc5 Qe1+ 30. Kh2 Qxc3 31. Qxc3 {Fox,A-Schroeder,A New York 1916 0-1 (48)}) 17. Nxd4 Nxd4 18. Qxd4 Qxd4 19. Rxd4 Rxd4 20. cxd4 c5 21. dxc5 Bxc5 22. b3 a5 23. h3 b4 24. Rd1 Rc8 25. Rd2 Be7 26. Bd1 Rc5 27. Bf4 g5 28. Bg3 Kg7 29. f4 Rc1 30. Kh2 Bc5 31. fxg5 Be3 32. Rd3 Bxg5 33. h4 Bf5 34. Rf3 Bg4 35. hxg5 Rxd1 36. Rf2 Be6 37. Bf4 Rd3 38. Rf3 Rxf3 39. gxf3 Bf5 40. e6 fxe6 41. Bc7 Bb1 42. Bxa5 Bxa2 43. Bxb4 Bxb3 44. Bc3+ Kg6 45. f4 Kf7 46. Kg3 Kg6 47. Be5 Kf7 48. Bc3 Kg6 49. Be5 Kf7 50. Bc3 Kg6 1/2-1/2

[Event "Norway Chess 6th"]
[Site "Stavanger"]
[Date "2018.06.07"]
[Round "9"]
[White "Vachier Lagrave, Maxime"]
[Black "Carlsen, Magnus"]
[Result "1/2-1/2"]
[WhiteElo "2789"]
[BlackElo "2843"]
[PlyCount "33"]
[EventDate "2018.05.28"]
[EventType "tourn"]
[EventRounds "9"]
[EventCountry "NOR"]
[EventCategory "22"]
[SourceTitle "CBM 185"]
[Source "ChessBase"]
[SourceDate "2018.07.13"]
[SourceVersion "1"]
[SourceVersionDate "2018.07.13"]
[SourceQuality "1"]

1. e4 {Sagar,Shah} e5 2. Nf3 Nc6 3. Bb5 a6 4. Ba4 Nf6 5. O-O Be7 6. d3 b5 7. Bb3 d6 8. a3 O-O 9. Nc3 Na5 10. Ba2 Be6 11. b4 Bxa2 12. Rxa2 Nc6 13. Bg5 Ng4 14. Bd2 Nf6 15. Bg5 ({RR} 15. Qb1 d5 16. Bg5 dxe4 17. dxe4 Qd6 18. Qb3 ({RR} 18. Rd1 Nd4) 18... Nd4 19. Nxd4 exd4 20. Bxf6 Bxf6 21. Ne2 ({RR} 21. Nd5 Bd8) 21... Rfe8 22. Ng3 c5 23. bxc5 Qxc5 24. a4 h5 25. axb5 axb5 26. Rxa8 Rxa8 27. Rb1 Rc8 ({RR} 27... h4) 28. Qxb5 Qxb5 29. Rxb5 h4 {Vachier Lagrave,M (2804)-Aronian,L (2802) Tbilisi 2017 CBM 181 [Sagar,Shah] ½-½ (41)}) ({RR} 15. Nd5 Nxd5 16. exd5 Na7 17. a4 bxa4 18. Rxa4 Nc8 19. c4 Nb6 20. Ra5 Qd7 21. Qb3 c6 22. dxc6 Qxc6 23. Rfa1 Qb7 24. c5 Nd7 25. cxd6 Bxd6 26. Qd5 Qb6 27. b5 Nf6 28. Qa2 Bc5 29. Be1 Bd4 {Amar,E (2584)-Kvaloy,A (2490) Sestao ESP 2025 1-0 (47)}) ({RR} 15. Re1 Qd7 16. Nd5 Nxd5 17. exd5 Na7 18. a4 c6 19. dxc6 Nxc6 20. c4 d5 21. axb5 axb5 22. Rxa8 Rxa8 23. cxb5 Nxb4 24. Nxe5 Qxb5 25. Qg4 Nc2 26. Rf1 Bf6 27. Bf4 Nd4 28. Bg3 Ne6 29. Qf5 Nd4 {Vachier Lagrave,M (2784)-Nihal,S (2620) Chess.com INT 2020 ½-½ (32)}) 15... Ng4 16. Bd2 Nf6 17. Bg5 $146 ({RR} 17. Re1 Qd7 18. Nd5 Nxd5 19. exd5 Na7 20. a4 c6 21. dxc6 Nxc6 22. c4 Bf6 23. axb5 axb5 24. Rxa8 Rxa8 25. cxb5 Ne7 26. d4 Qxb5 27. dxe5 dxe5 28. Qe2 Qxe2 29. Rxe2 Ra1+ 30. Re1 Ra2 31. Bc3 Nd5 {Shevchenko,K (2642)-Esipenko,A (2692) Ankara 2022 ½-½ (35)}) 1/2-1/2

[Event "Biel GM 51st"]
[Site "Biel"]
[Date "2018.07.23"]
[Round "2"]
[White "Vachier Lagrave, Maxime"]
[Black "Carlsen, Magnus"]
[Result "0-1"]
[WhiteElo "2779"]
[BlackElo "2842"]
[Annotator "Nielsen,Peter Heine"]
[PlyCount "158"]
[EventDate "2018.07.22"]
[EventType "tourn"]
[EventRounds "10"]
[EventCountry "SUI"]
[EventCategory "20"]
[SourceTitle "CBM 186"]
[Source "ChessBase"]
[SourceDate "2018.09.14"]
[SourceVersion "1"]
[SourceVersionDate "2018.09.14"]
[SourceQuality "1"]

1. e4 d6 {The players also faced each other in the last round of the Stavanger tournament, where both tried to bluff the other by following joint preparations for the 2016 World Championship match. As neither "blinked", the game came to a quick conclusion with a repetition. In Biel however, inspired by his win in the first round, Magnus immediately tries taking the game to uncharted waters by playing the Pirc:} 2. d4 Nf6 3. Nc3 g6 4. Bf4 $5 {Maxime varies from his usual 4.e3, afterwards at the press conference saying that he knew this line, having studied it from Black's perspective via the 1.d4 f6 2.f4 g6 3.c3 g7 4.e4 d6 move order.} c6 5. Nf3 Bg7 6. Qd2 O-O 7. h3 {Played after some hesitation. A solid positional approach, even thought from the agressive Frenchman, one might have expected h4, h6 and mate!} ({RR} 7. Be2 b5 8. a3 a5 9. h4 h5 10. Bh6 Na6 11. Bxg7 Kxg7 12. O-O b4 13. axb4 axb4 14. e5 dxe5 15. dxe5 Qxd2 16. exf6+ exf6 17. Nxd2 bxc3 18. bxc3 Nc7 19. Rxa8 Nxa8 20. Bf3 Bd7 21. Nb3 Rc8 {Chitlange,S (2211)-Zakhartsov,V (2481) chess.com INT 2025 0-1 (99)}) 7... Qa5 ({RR} 7... b5 8. Bd3 Bb7 9. O-O b4 10. Ne2 c5 11. dxc5 Nxe4 12. Bxe4 Bxe4 13. Ng5 Bf5 14. cxd6 Nc6 15. Ng3 Bxb2 16. Nxf5 gxf5 17. Qd5 Nd4 18. Rab1 Ne2+ 19. Kh1 Nxf4 20. Qxf5 Ng6 21. dxe7 Qxe7 22. Rxb2 {Van Foreest,J (2614)-Guseinov,G (2664) St Petersburg 2018 ½-½ (43)}) 8. e5 $146 {A somewhat pessimistic decision, forcing an equal ending, instead of a slightly better middlegame with e.g. 8.d3.} ({RR} 8. Bd3 Nbd7 9. g4 e5 10. Bh6 b5 11. Rg1 Bb7 12. h4 b4 13. Ne2 c5 14. dxe5 Nxe5 15. Nxe5 dxe5 16. f3 Rad8 17. Qg5 b3+ 18. Nc3 c4 19. Be2 Bxh6 20. Qxh6 Qb6 21. Rh1 bxc2 22. Qc1 Rd4 {Deckert,M (2075)-Kirbach,T (1925) Roethenbach 1996 ½-½ (75)}) ({RR} 8. Bd3 Nbd7 9. Bh6 e5 10. Bxg7 Kxg7 11. Qg5 h6 12. Qd2 Re8 13. O-O-O b5 14. a3 b4 15. Nb1 c5 16. dxe5 dxe5 17. Qe2 Rb8 18. Nfd2 Qc7 19. Bb5 Re7 20. g3 Nf8 21. c3 Qb6 22. a4 a6 {Markowski,D (2186)-Maciejczak,J (2374) Jastrzebia Gora 2022 0-1 (33)}) 8... dxe5 9. dxe5 Nd5 10. Nxd5 Qxd2+ 11. Bxd2 cxd5 12. O-O-O Nc6 13. Bc3 {White's plan takes form. He protects the pawn on e5 stabilising the centre, and claiming that in the upcoming race White is quicker on the kingside than Black is on the queenside.} e6 14. h4 h6 {Precaution against White's plan of h5, but the engines suggest a more provocative alternative just playing 14...d7 and if 15.h5 then answering with ...h6! as now Black threatens ...g5 and if 16.hxg6 fxg6 he gets counterplay in the f-file as well as a possible ...g5.} 15. Bd3 Bd7 16. Rhe1 Rfc8 17. Rd2 $6 {A miscalculation.} ({White needed to be more careful,} 17. Bd2 $1 {being the correct plan, intending after} Rab8 18. Kb1 b5 {to play} 19. a3 $1 a5 20. b3 $1 {effectively shutting down the queenside being ready to answer ...a4 with b4, and ...b4 with a4! One could argue that White then would have a free hand on the kingside, but Black's solidity there still makes the position rather equal, even so a much better scenario compared to what happens now:}) 17... Rab8 18. Rde2 b5 19. Nd4 b4 20. Nxc6 Bxc6 21. Bd4 Bb5 $1 {Black starts exerting pressure. MVL admitted he underestimated this move, expecting Black first to protect his a7-pawn by moving it to a5, but forgetting that xa7 with a2 unprotected allows Black to just play ...a8 and win back the pawn under favourable circumstances.} 22. Kd2 h5 23. f4 Bf8 24. g4 $5 {A very temporary pawn sacrifice, speeding up White's counterplay, trying to get to Black's king first:} hxg4 25. Rg1 Bc5 26. Bxc5 Rxc5 27. Rxg4 Kf8 $1 {King-safety being the main concern, evacuating the danger area just in time.} 28. Rh2 Bxd3 29. Kxd3 Rc4 $1 {Another key moment, MVL mentioned this as a crucial move he missed and Black is now better as he combines exerting pressure along the 4th rank and the c-file. From a practical point of view correct, but White still has a hidden defence:} 30. h5 gxh5 31. Rxh5 Ke7 32. Rgh4 $2 {An outright blunder finally changing Black's position from practically better, to a real substantial edge.} (32. Rh6 $1 {with the idea of} Rbc8 33. Rf6 $1 Rxc2 $2 34. Rg7 $1 {shows that Black's attack is not as dangerous as it might seem at first sight, as here White's king remains safe, and White gets to attack just in time.}) 32... Rg8 33. f5 Rg3+ 34. Kd2 Rg2+ 35. Kd1 Rcxc2 36. f6+ {MVL had pinned his hopes on this, but while he does get some counterplay, the difference in king-safety is a huge difference. In the above line the white king felt at least somewhat safe at d3, while now on d1 mating threats are imminent.} Kd7 37. Rxb4 a5 38. Rb8 Rcf2 39. Ke1 Kc6 $1 (39... Rxb2 40. Rxb2 Rxb2 41. Rh7 $1 {creates counterplay, so Black's trick is to keep the mating threats against the white king, while trying to walk his own into safety.}) 40. Rc8+ Kb5 $6 {The computer points to this logical move made just before the time-control as being inaccurate!} (40... Kb6 41. Rh7 Re2+ 42. Kf1 Rgf2+ 43. Kg1 Rf4 44. Rxf7 Rxe5 {winning for Black, as unlike in the game White now has no efficient 45.b7+.}) 41. Rh7 d4 42. Rg8 $5 {Resourceful and creative as ever, even in the most dire of situations, the Frenchman manages to cause confusion.} Re2+ $1 43. Kf1 Rgf2+ $1 44. Kg1 Rf4 $1 45. Rxf7 Rxe5 46. Rc7 Rxf6 $6 {Technically still winning, but} (46... d3 $1 {pushing the passed pawn was a much cleaner solution.} 47. Rb8+ Ka4 $1 48. Rc3 {might have felt threatening, but} Rg5+ $1 {mates in two!}) 47. Rb8+ Ka6 48. Rc6+ Ka7 49. Rg8 Rf7 50. Rg6 Re1+ 51. Kg2 d3 $2 (51... Re2+ 52. Kg3 Re3+ 53. Kg2 e5 $19) 52. Rd6 $1 Re2+ 53. Kh3 d2 54. Rg8 $1 {White simply wants to double in the d-file making sure the d-pawn goes nowhere as well as if Black starts defending with both rooks on the 2nd, then there is an easy perpetual on d7 and d8. It is no longer a matter of Black being winning, but about finding any practical chances.} Kb7 55. Rgd8 d1=Q $5 56. Rxd1 Rxb2 57. Re1 Rf6 58. Rd6 Rxa2 59. Kg3 $5 (59. Rdxe6 Rxe6 60. Rxe6 {then} Rf2 $1 {cutting the white king off as well as 60...b2!? leads to a tablebase win.}) (59. Rb1+ $145 Kc7 60. Ra6 Rg6 $15) 59... Rb2 60. Re5 Rb3+ 61. Kg2 a4 62. Ra5 $2 (62. Rh5 Rf7 63. Rxe6 $17) 62... a3 63. Rda6 Rff3 $1 64. Ra7+ $5 {At least it looks like counterplay, even if Black's king easily zig-zags out of the danger zone.} (64. Rxe6 Rfc3 $1 {sets up an interesting formation, where Black threatens a mating attack on the 2nd and 1st ranks, while if} 65. Re2 {then} Rc6 $1 {followed by ...a6 or ...b2 wins easily.}) 64... Kc6 65. R7a6+ Kd7 66. Ra7+ Kd6 67. R7a6+ Ke7 68. Re5 Rfc3 $1 {Again not caring about the e6-pawn.} 69. Rexe6+ Kd7 70. Kf2 Rb2+ 71. Re2 Rh3 72. Kg2 Rxe2+ 73. Kxh3 a2 74. Kg3 Kc7 75. Kf3 Kb7 76. Ra4 Rh2 77. Ke3 Kb6 78. Kd3 Kb5 79. Ra8 Kb4 {And as Magnus' king was just in time, MVL resigned.} 0-1